| Tag |
First Indicator |
Second Indicator |
Subfields |
| LEADER |
00000nam a22000007i 4500 |
| 001 |
in00005776323 |
| 005 |
20260327191531.3 |
| 006 |
m o d |
| 007 |
cr cnu---unuuu |
| 008 |
251020s2025 enk o 000 0 eng d |
| 040 |
|
|
|a OPELS
|b eng
|e rda
|e pn
|c OPELS
|d OCLCO
|
| 020 |
|
|
|z 9780443247347
|
| 035 |
|
|
|a (OCoLC)1545792236
|
| 050 |
|
4 |
|a QK754
|
| 082 |
0 |
4 |
|a 581.7
|2 23/eng/20251020
|
| 049 |
|
|
|a TXAM
|
| 245 |
0 |
0 |
|a Polyamines-phytohormones-nutrients network :
|b nexus in plant responses to abiotic stresses /
|c edited by Asim Masood [and more].
|
| 264 |
|
1 |
|a London, United Kingdom :
|b Academic Press an imprint of Elsevier,
|c 2025.
|
| 300 |
|
|
|a 1 online resource.
|
| 336 |
|
|
|a text
|b txt
|2 rdacontent
|
| 337 |
|
|
|a computer
|b c
|2 rdamedia
|
| 338 |
|
|
|a online resource
|b cr
|2 rdacarrier
|
| 490 |
0 |
|
|a Plant Biology, Sustainability, and Climate Change
|
| 520 |
|
|
|a Polyamine-Phytohormone-Nutrient Network: Nexus in Plant Responses to Abiotic Stresses presents the latest global research on key tools for improving physiological and biochemical mechanisms that enhance plant health and productivity. Exposure of plants to abiotic stresses is inevitable, often leading to impaired growth, metabolism, and productivity. However, plants are naturally equipped with endogenous chemicals including intracellular messengers and signalling molecules that counteract potential stress impacts, protect cellular functions, and promote healthy growth and production. Polyamines (PAs) are low-molecular-weight, nitrogen-containing compounds with aliphatic polycationic properties. Beyond their role in growth and development, PAs enhance plant tolerance to abiotic stresses. Given their connection with phytohormones and mineral nutrients, understanding their interactions-whether synergistic or antagonistic-could shed light on their potential to mitigate these stresses. Written by a team of expert contributors, this volume in the Plant Biology, Sustainability, and Climate Change series focuses on the interactions among PAs, phytohormones, and mineral nutrients that are crucial for regulating nutrient assimilation, carbon fixation, and secondary metabolic pathways.
|
| 588 |
0 |
|
|a Online resource; title from PDF title page (ScienceDirect, viewed October 20, 2025).
|
| 650 |
|
0 |
|a Plants
|x Effect of stress on.
|
| 650 |
|
0 |
|a Plants
|x Effect of stress on
|x Molecular aspects.
|
| 650 |
|
6 |
|a Plantes
|x Effets du stress sur.
|
| 650 |
|
6 |
|a Plantes
|x Effets du stress sur
|x Aspect moléculaire.
|
| 655 |
|
7 |
|a Electronic books.
|2 local
|
| 700 |
1 |
|
|a Masood, Asim.
|
| 700 |
1 |
|
|a Khan, Nafees A.
|
| 700 |
1 |
|
|a Anjum, Naser A.
|
| 700 |
1 |
|
|a Fotopoulos, Vasileios.
|
| 710 |
2 |
|
|a ScienceDirect (Online service)
|
| 856 |
4 |
0 |
|u http://proxy.library.tamu.edu/login?url=https://www.sciencedirect.com/science/book/9780443247347
|z Connect to the full text of this electronic book
|t 0
|
| 955 |
|
|
|a Elsevier ScienceDirect 2026-2027
|
| 994 |
|
|
|a 92
|b TXA
|
| 999 |
f |
f |
|i 0b1b0f11-7e0b-49c7-aab6-008149505cff
|s 72d5661d-9bbd-458e-90e5-3e7d158584ee
|t 0
|
| 952 |
f |
f |
|a Texas A&M University
|b College Station
|c Electronic Resources
|s www_evans
|d Available Online
|t 0
|e QK754
|h Library of Congress classification
|
| 998 |
f |
f |
|a QK754
|t 0
|l Available Online
|